000
00338 a2200145 4500
999
_c
12917
_d
12917
003
OSt
005
20240725131032.0
008
240725b ||||| |||| 00| 0 eng d
020
_a
9783899551549
082
_a
720
100
_a
Jaybo
245
_a
Lord of Mess: My Head is a Visual Township
260
_b
gestalten
_c
2006
942
_2
ddc